[Event "15th Avicenna Open Masters 2018"]
[Site "Avicenna"]
[Date "2018.08.17"]
[Round "1"]
[White "Delavari, Amirali"]
[Black "Toufighi, Homayoon"]
[Result "0-1"]
[WhiteElo "2214"]
[BlackElo "2449"]
[Annotator "TA"]
[PlyCount "124"]
[EventDate "2018.08.17"]
[EventType "swiss"]
[EventCountry "IRI"]
[SourceTitle "playchess.com"]
[Source "ChessBase"]
[SourceQuality "1"]

{[%evp 13,124,5,25,-12,-14,-17,6,-18,0,4,0,0,0,-6,-7,-51,4,0,6,0,0,0,0,0,0,-20,-18,-10,-20,-43,-41,-42,-45,-62,-46,-78,-52,-76,-50,-43,-21,-30,-32,-33,-30,-32,-32,-32,-27,-25,-45,-39,-46,-43,-27,-36,-28,-29,-27,-100,-99,-98,-85,-100,-99,-108,-108,-108,-104,-114,-112,-163,-156,-142,-125,-217,-214,-214,-214,-218,-225,-225,-193,-179,-143,-229,-226,-325,-298,-334,-333,-1104,-1104,-1098,-974,-1789,-1429,-5089,-2515,-29976,-29977,-29977,-29978,-29978,-29979,-29979,-29980,-29980,-29981,-29981,-29982,-29982,-29983]} 1. d4 g6 2. Nf3 Bg7 3. c4 c6 4. Nc3 d5 5. Qb3 Nf6 6. Bg5 dxc4 {D96: Grünfeld: Russian System (5 Qb3): sidelines} 7. Qxc4 Qb6 {LiveBook: 5 Games} (7... Bf5 8. e3 O-O 9. Be2 Nbd7 10. O-O a5 11. Qb3 Qb6 12. Nd2 h6 13. Bf4 Nd5 14. Nxd5 cxd5 {½-½ (52) Wang,H (2733)-Zhang,P (2591) Beijing 2012}) 8. Na4 Qc7 $146 {[#] And now ...b5 would win.The position is equal.} ({Predecessor:} 8... Qa5+ 9. Bd2 Qd8 10. Nc3 a5 11. Qd3 O-O 12. e3 Na6 13. Be2 Bg4 14. h3 Bxf3 15. Bxf3 {0-1 (32) Barlocco,C (2077)-Dambrauskas,V (2315) Robecchetto 2012}) 9. Nc3 Bf5 10. g3 Ne4 11. Bg2 Nxg5 12. Nxg5 O-O 13. e4 Bc8 14. O-O h6 (14... b5 $15 15. Qd3 (15. Nxb5 Qd8 $17) 15... b4) 15. Nf3 $11 Qb6 16. b3 Bg4 17. e5 Rd8 18. Rfd1 Na6 19. Na4 Qa5 20. h3 Be6 21. Qc3 Qxc3 22. Nxc3 Rd7 23. Rd2 Rad8 24. Rad1 Nc7 25. Kf1 Bd5 26. Nxd5 Rxd5 27. Ne1 R5d7 {Hoping for ...Bxe5!} 28. f4 Nb5 29. d5 Nc7 {[%cal Rc7d5]} ({But not} 29... Nc3 $2 30. dxc6 Rxd2 31. Rxd2 $18) 30. d6 exd6 31. Rxd6 Rxd6 32. Rxd6 Rxd6 33. exd6 $15 {[%mdl 4096] Endgame KBN-KBN} Ne6 34. Nd3 Bf8 35. d7 Bd6 36. Be4 (36. g4 $11 {remains equal.}) 36... f5 $17 37. Bf3 Kf8 38. d8=Q+ Nxd8 39. Ke2 Ne6 40. Ke3 Ke7 41. a4 a5 42. h4 (42. Bd1 $17 {is a better defense.}) 42... h5 43. Bd1 Bc7 44. Bf3 (44. Kf3 $17) 44... Bb6+ $19 45. Kd2 Bd4 46. Bg2 Kd6 47. Bf3 Bf6 48. Bd1 b5 49. axb5 (49. b4 $17 {was necessary.}) 49... cxb5 50. Ke3 (50. Bf3 $142) 50... Bc3 51. Bc2 Nc5 52. Kf3 $2 {[#]} (52. Nc1) 52... Nxd3 53. Bxd3 {KB-KB} Kc5 54. Ke2 Kb4 55. Kd1 Kxb3 56. Bxb5 a4 {Black mates.} 57. Be8 a3 58. Bxg6 a2 59. Bf7+ Kb2 60. Bxa2 Kxa2 61. Ke2 Kb3 62. Kd3 Kb4 {Precision: White = 34%, Black = 68%.} 0-1

[Event "15th Avicenna Open Masters 2018"]
[Site "Avicenna"]
[Date "2018.08.17"]
[Round "1"]
[White "Korevand, Sina"]
[Black "Khodashenas, Mersad"]
[Result "0-1"]
[WhiteElo "2203"]
[BlackElo "2440"]
[Annotator "NA"]
[PlyCount "80"]
[EventDate "2018.08.17"]
[EventType "swiss"]
[EventCountry "IRI"]
[SourceTitle "playchess.com"]
[Source "ChessBase"]
[SourceQuality "1"]
[TimeControl "5400+30"]

1. d4 {[%emt 0:00:00]} Nf6 {[%emt 0:00:00]} 2. Bf4 {[%emt 0:00:00]} c5 {[%emt 0:00:00]} 3. d5 {[%emt 0:02:04]} Qb6 {[%emt 0:00:00]} 4. Nc3 {[%emt 0:00:31]} Qxb2 {[%emt 0:01:23]} 5. Bd2 {[%emt 0:00:31]} Qb6 {[%emt 0:03:15]} 6. e4 {[%emt 0:00:09]} d6 {[%emt 0:00:41]} 7. f4 {[%emt 0:00:37]} e5 {[%emt 0:10:06]} 8. dxe6 {[%emt 0:12:31]} Bxe6 {[%emt 0:00:42]} 9. Nf3 {[%emt 0:09:27]} Nc6 {[%emt 0:00:48]} 10. f5 {[%emt 0:02:40]} Bc8 {[%emt 0:07:04]} 11. Rb1 {[%emt 0:02:13]} Qd8 {[%emt 0:00:25]} 12. Bc4 {[%emt 0:05:11]} Be7 {[%emt 0:04:56]} 13. O-O {[%emt 0:04:35]} O-O {[%emt 0:11:26]} 14. Bf4 {[%emt 0:10:29]} a6 {[%emt 0:00:56]} 15. a4 {[%emt 0:03:38]} Nb4 {[%emt 0:04:12]} 16. Rf2 {[%emt 0:05:30]} b5 {[%emt 0:09:41]} 17. axb5 {[%emt 0:03:20]} axb5 {[%emt 0:00:15]} 18. Bxb5 {[%emt 0:01:05]} Ra3 {[%emt 0:02:10]} 19. Rb3 {[%emt 0:03:45]} Qa5 {[%emt 0:00:42]} 20. Nd2 {[%emt 0:04:45]} Ra1 {[%emt 0:03:17]} 21. Rb1 {[%emt 0:00:15]} Rxb1 {[%emt 0:00:58]} 22. Qxb1 {[%emt 0:00:07]} d5 {[%emt 0:02:58]} 23. exd5 {[%emt 0:03:44]} Nfxd5 {[%emt 0:00:25]} 24. Nxd5 {[%emt 0:00:26]} Nxd5 {[%emt 0:00:05]} 25. Nc4 {[%emt 0:03:55]} Qa7 {[%emt 0:00:14]} 26. Be5 {[%emt 0:06:27]} Bf6 {[%emt 0:07:19]} 27. Qe1 {[%emt 0:04:33]} Qb7 {[%emt 0:18:37]} 28. Ba4 {[%emt 0:09:09]} Bxe5 {[%emt 0:04:17]} 29. Qxe5 {[%emt 0:01:52]} Nf6 {[%emt 0:00:00]} 30. Re2 {[%emt 0:00:50]} Qb1+ {[%emt 0:00:05]} 31. Re1 {[%emt 0:00:11]} Qb4 {[%emt 0:00:01]} 32. Bb3 {[%emt 0:00:47]} Ba6 {[%emt 0:03:10]} 33. Nd6 {[%emt 0:00:41]} c4 {[%emt 0:00:19]} 34. Ba2 {[%emt 0:00:24]} Qb6+ {[%emt 0:04:18]} 35. Kf1 {[%emt 0:00:18]} Rd8 {[%emt 0:01:35]} 36. Nxc4 {[%emt 0:00:47]} Qc6 {[%emt 0:01:05]} 37. Qf4 {[%emt 0:00:26]} Rc8 {[%emt 0:00:30]} 38. Rb1 {[%emt 0:00:34]} Nd5 {[%emt 0:00:32]} 39. Qd4 {[%emt 0:00:12]} Bxc4+ {[%emt 0:00:15]} 40. Bxc4 {[%emt 0:00:22]} Qxc4+ {[%emt 0:00:01] Qd1} 0-1

[Event "15th Avicenna Open Masters 2018"]
[Site "Avicenna"]
[Date "2018.08.17"]
[Round "1"]
[White "Akhgari, Reza"]
[Black "Czebe, Attila"]
[Result "0-1"]
[WhiteElo "2195"]
[BlackElo "2411"]
[Annotator "NA"]
[PlyCount "164"]
[EventDate "2018.08.17"]
[EventType "swiss"]
[EventCountry "IRI"]
[SourceTitle "playchess.com"]
[Source "ChessBase"]
[SourceQuality "1"]
[TimeControl "5400+30"]

1. d4 {[%emt 0:00:00]} d6 {[%emt 0:00:00]} 2. e4 {[%emt 0:01:08]} g6 {[%emt 0:00:00]} 3. Be3 {[%emt 0:01:45]} Nd7 {[%emt 0:02:54]} 4. Nf3 {[%emt 0:00:32]} Ngf6 {[%emt 0:00:21]} 5. Nbd2 {[%emt 0:00:57]} Bg7 {[%emt 0:01:02]} 6. h3 {[%emt 0:01:14]} O-O {[%emt 0:01:33]} 7. Bc4 c5 {[%emt 0:00:12]} 8. c3 {[%emt 0:01:40]} cxd4 {[%emt 0:00:13]} 9. cxd4 d5 {[%emt 0:00:06]} 10. exd5 {[%emt 0:05:45]} Nb6 {[%emt 0:03:08]} 11. Bb3 {[%emt 0:00:22]} Nbxd5 12. O-O Nxe3 {[%emt 0:01:36]} 13. fxe3 {[%emt 0:00:32]} b6 14. Ne5 {[%emt 0:04:53]} Bb7 {[%emt 0:00:48]} 15. Ndf3 Bd5 {[%emt 0:16:32]} 16. Rc1 {[%emt 0:10:46]} Bh6 {[%emt 0:01:52]} 17. Re1 {[%emt 0:00:20]} Rc8 {[%emt 0:01:44]} 18. Rxc8 {[%emt 0:05:20]} Qxc8 {[%emt 0:00:06]} 19. Bxd5 {[%emt 0:00:34]} Nxd5 {[%emt 0:00:06]} 20. e4 {[%emt 0:01:19]} Nb4 {[%emt 0:00:30]} 21. Qb3 {[%emt 0:00:30]} Nc6 {[%emt 0:00:30]} 22. Rf1 {[%emt 0:00:30]} Bf4 {[%emt 0:00:30]} 23. Nxc6 {[%emt 0:00:30]} Qxc6 {[%emt 0:00:30]} 24. g3 {[%emt 0:00:30]} Bb8 {[%emt 0:00:30]} 25. d5 {[%emt 0:00:30]} Qd7 {[%emt 0:00:30]} 26. Kg2 {[%emt 0:00:30]} e6 {[%emt 0:00:30]} 27. dxe6 {[%emt 0:00:30]} fxe6 {[%emt 0:00:30]} 28. a4 {[%emt 0:00:30]} Qd6 {[%emt 0:00:30]} 29. e5 {[%emt 0:00:30]} Qc6 {[%emt 0:00:30]} 30. Qb5 {[%emt 0:00:30]} Qxb5 {[%emt 0:00:30]} 31. axb5 {[%emt 0:00:30]} Rd8 {[%emt 0:00:30]} 32. Rc1 {[%emt 0:00:30]} Kf7 {[%emt 0:00:30]} 33. Ng5+ {[%emt 0:00:30]} Ke7 {[%emt 0:00:30]} 34. Rc6 {[%emt 0:00:30]} Rd2+ {[%emt 0:00:30]} 35. Kf3 {[%emt 0:00:30]} Rxb2 {[%emt 0:00:30]} 36. Rxe6+ {[%emt 0:00:30]} Kd7 {[%emt 0:00:30]} 37. Rf6 {[%emt 0:00:30]} Bxe5 {[%emt 0:00:30]} 38. Rf7+ {[%emt 0:00:30]} Kd6 {[%emt 0:00:30]} 39. Rxa7 {[%emt 0:00:30]} Rb3+ {[%emt 0:00:30]} 40. Ke2 {[%emt 0:00:30]} h6 {[%emt 0:00:30]} 41. Nf7+ {[%emt 0:00:30]} Ke6 {[%emt 0:00:30]} 42. Nxe5 {[%emt 0:00:30]} Kxe5 {[%emt 0:00:30]} 43. Re7+ {[%emt 0:00:30] Ke6 Ra7 [%clk 0:16:45] Ke5 [%clk 0:20:41] Re7+ [%clk 0:13:51]} Kf6 {[%emt 0:51:00]} 44. Rh7 {[%emt 0:49:14]} Rxg3 {[%emt 0:05:45]} 45. Rxh6 Rb3 {[%emt 0:00:01]} 46. Rh8 {[%emt 0:00:41]} Rxb5 {[%emt 0:02:21]} 47. Rb8 {[%emt 0:03:16]} Kg5 48. Kf3 {[%emt 0:00:01]} Rb3+ {[%emt 0:02:25]} 49. Kg2 {[%emt 0:00:10]} Rb4 50. Kg3 Rb3+ {[%emt 0:02:40]} 51. Kg2 {[%emt 0:00:31]} Kf6 {[%emt 0:00:04]} 52. Rb7 {[%emt 0:00:15]} g5 {[%emt 0:00:08]} 53. Rb8 {[%emt 0:00:10]} Ke5 {[%emt 0:00:30]} 54. Rg8 {[%emt 0:00:19]} Kf4 {[%emt 0:00:05]} 55. Rf8+ {[%emt 0:00:04]} Ke4 {[%emt 0:00:02]} 56. Rg8 Kf5 {[%emt 0:02:36]} 57. Rf8+ {[%emt 0:00:19]} Ke6 {[%emt 0:00:13]} 58. Rg8 {[%emt 0:00:05]} Kf6 {[%emt 0:00:02]} 59. Rb8 Kf7 {[%emt 0:00:46]} 60. Rb7+ {[%emt 0:00:11]} Ke6 {[%emt 0:00:06]} 61. Rg7 Kf6 {[%emt 0:00:48]} 62. Rb7 {[%emt 0:00:42]} b5 63. Rb8 {[%emt 0:00:13]} b4 {[%emt 0:00:09]} 64. Rb5 {[%emt 0:00:10]} Kg6 {[%emt 0:00:08]} 65. Kh2 {[%emt 0:00:24]} Kh5 66. Rb8 {[%emt 0:00:12]} Rb1 {[%emt 0:01:44]} 67. Rb6 g4 68. hxg4+ {[%emt 0:01:04]} Kxg4 {[%emt 0:00:15]} 69. Kg2 {[%emt 0:00:11]} Rb2+ {[%emt 0:03:18]} 70. Kf1 {[%emt 0:00:45]} Kf3 {[%emt 0:00:07]} 71. Ke1 {[%emt 0:00:09]} Ke3 {[%emt 0:00:01]} 72. Kd1 {[%emt 0:00:07]} Kd3 {[%emt 0:00:00]} 73. Kc1 {[%emt 0:00:08]} Kc3 {[%emt 0:00:01]} 74. Rh6 {[%emt 0:00:23]} Kb3 {[%emt 0:00:02]} 75. Rh3+ {[%emt 0:03:07]} Ka2 {[%emt 0:00:05]} 76. Rh8 {[%emt 0:00:03]} Rb1+ {[%emt 0:00:12]} 77. Kd2 {[%emt 0:00:50]} Kb2 {[%emt 0:00:09]} 78. Rh2 {[%emt 0:00:09]} Rc1 {[%emt 0:00:26]} 79. Kd3+ {[%emt 0:00:09]} Kb3 {[%emt 0:00:01]} 80. Rh8 {[%emt 0:00:15]} Rd1+ {[%emt 0:00:05]} 81. Ke2 {[%emt 0:00:05]} Rd7 {[%emt 0:00:03]} 82. Ke1 Kc4 0-1

[Event "15th Avicenna Open Masters 2018"]
[Site "Avicenna"]
[Date "2018.08.18"]
[Round "2"]
[White "Toufighi, Homayoon"]
[Black "Bagheri, Maziar"]
[Result "1-0"]
[WhiteElo "2449"]
[BlackElo "2308"]
[Annotator "TA"]
[PlyCount "63"]
[EventDate "2018.08.17"]
[EventType "swiss"]
[EventCountry "IRI"]
[SourceTitle "playchess.com"]
[Source "ChessBase"]
[SourceQuality "1"]

{[%evp 24,63,44,35,40,25,79,70,84,56,83,64,105,87,88,78,80,61,85,81,114,103,183,185,187,188,348,297,329,312,306,297,512,531,526,530,794,804,789,774,2250,1891]} 1. d4 d5 2. Nf3 Nf6 3. c4 c6 4. Qb3 g6 5. g3 Bg7 6. Bg2 O-O 7. O-O Qb6 8. Nc3 Be6 9. Ng5 {D78: Fianchetto Grünfeld: 6 0-0 c6} dxc4 10. Qa4 Bc8 11. Qxc4 h6 12. Nf3 Be6 13. Qa4 {LiveBook: 3 Games} Na6 14. e4 c5 $146 (14... g5 $11) ({Predecessor:} 14... Rfd8 15. h3 Ne8 16. Rd1 Nd6 {½-½ (59) Sargissian,G (2670)-Tihonov,J (2500) Saratov 2006}) 15. d5 $16 Bd7 16. Qc2 e6 17. Ne5 Rfe8 18. Nxd7 Nxd7 19. dxe6 Qxe6 20. f4 Nb4 21. Qe2 Nb6 22. e5 f6 (22... N6d5 $16) 23. Bxb7 $18 Rad8 {[%cal Rf6e5] [#]} 24. Be4 $1 fxe5 $2 (24... f5 {was called for.}) 25. f5 gxf5 26. Bxf5 ({Not} 26. Rxf5 Nc6 $16) 26... Qc6 27. Be4 N4d5 $2 (27... Qe6 28. Be3 c4) 28. Qh5 {White is clearly winning.} Rf8 {[#]} 29. Bg5 $1 {[%mdl 512]} Rxf1+ (29... hxg5 30. Qh7#) 30. Rxf1 {White wants to mate with Qf7+.} Rf8 31. Rxf8+ Bxf8 32. Nxd5 {Precision: White = 81%, Black = 29%.} 1-0

[Event "15th Avicenna Open Masters 2018"]
[Site "Avicenna"]
[Date "2018.08.18"]
[Round "2"]
[White "Khodashenas, Mersad"]
[Black "Faghirnavaz, Ali"]
[Result "1-0"]
[WhiteElo "2440"]
[BlackElo "2269"]
[Annotator "TA"]
[PlyCount "55"]
[EventDate "2018.08.17"]
[EventType "swiss"]
[EventCountry "IRI"]
[SourceTitle "playchess.com"]
[Source "ChessBase"]
[SourceQuality "1"]

{[%evp 16,55,39,19,24,37,60,23,24,17,34,18,9,0,0,0,0,-27,-40,-100,-91,-95,-88,-70,-56,-100,-102,-157,-119,-250,-239,-238,66,66,65,74,50,67,2664,2659,2279,2147]} 1. e4 c5 2. Nf3 e6 3. d4 cxd4 4. Nxd4 a6 5. Nc3 Qc7 6. f4 b5 7. Bd3 Bb7 8. Qe2 d6 {B43: Sicilian: Kan Variation: 5 Nc3} 9. Bd2 {LiveBook: 5 Games} Nd7 10. a4 bxa4 {White is slightly better.} 11. Rxa4 $146 {[%cal Rd3a6]} ({Predecessor:} 11. Nxa4 Ngf6 12. O-O Be7 13. c4 O-O 14. Kh1 Rab8 15. Rae1 Nc5 16. Nxc5 dxc5 {0-1 (57) Rytshagov,M (2385)-Portisch,L (2575) Debrecen 1992}) 11... Nc5 12. Rc4 Nf6 13. O-O Qd7 14. f5 Be7 15. g4 {[%cal Bg2g4,Bg4g5][%mdl 32] g5 is the strong threat.} e5 16. g5 exd4 17. Rxd4 (17. gxf6 $15 dxc3 18. fxg7) 17... O-O $17 18. b4 Nxd3 19. Rxd3 Qc7 20. Rh3 Rfe8 {Threatens to win with ...Nxe4!} 21. Rf4 {[#]} (21. gxf6 $142 Bxf6 22. Rd3) 21... Nxe4 $1 {[%mdl 512]} 22. Rxe4 (22. Nxe4 $17 Bxg5 23. Rg4 Bxe4 24. Rxg5) 22... Bxe4 $19 23. Nxe4 {[#] aiming for Qh5.} Qxc2 $2 ({Black should play} 23... Qb6+ $1 $19 24. Re3 Bf8) 24. Qh5 $1 $14 {[%cal Rh5h7]} h6 25. gxh6 $40 {[%mdl 128] White wants a kill.} Qb1+ 26. Kf2 {Threatening mate with hxg7.} Bh4+ $2 {[%mdl 8192]} (26... Qxe4 $14 27. hxg7 Qd4+ 28. Kf1 Qc4+ 29. Kg1 Qd4+ 30. Be3 Qa1+ 31. Kg2 Qxg7+ 32. Rg3 Bf6 33. Rxg7+ Bxg7) 27. Rxh4 $18 {Intending hxg7 and mate.} Rxe4 28. Qg5 {Precision: White = 43%, Black = 44%.} 1-0

[Event "15th Avicenna Open Masters 2018"]
[Site "Avicenna"]
[Date "2018.08.18"]
[Round "2"]
[White "Czebe, Attila"]
[Black "Moradi, Amirmasoud"]
[Result "1/2-1/2"]
[WhiteElo "2411"]
[BlackElo "2259"]
[Annotator "TA"]
[PlyCount "105"]
[EventDate "2018.08.17"]
[EventType "swiss"]
[EventCountry "IRI"]
[SourceTitle "playchess.com"]
[Source "ChessBase"]
[SourceQuality "1"]

{[%evp 11,105,33,36,-2,-11,-14,0,0,0,0,0,-74,-12,-35,-41,-49,-62,-64,-67,-131,-129,-118,-101,-104,-95,-118,-93,-99,-66,-58,-73,-80,-68,-68,-49,-53,0,0,0,-26,-24,-30,0,0,0,0,15,-50,7,4,4,4,11,9,20,10,66,0,0,0,0,0,0,-20,0,0,74,68,59,8,8,8,8,0,0,0,0,0,0,0,0,0,8,9,9,8,8,0,0,0,-8,-8,-8,-8,0,0]} 1. Nf3 d5 2. g3 Nf6 3. Bg2 c6 4. c4 dxc4 5. O-O Be6 (5... Nbd7 6. Na3 Nb6 7. Qc2 g6 8. Nxc4 Nxc4 9. Qxc4 Bg7 10. d3 O-O 11. Bd2 Nd5 12. Qc1 a5 13. Bh6 Bg4 14. Bxg7 Kxg7 15. Ne5 {½-½ (40) Aronian,L (2794)-Vitiugov,N (2735) Karlsruhe/Baden-Baden 2018}) 6. Na3 {A11: Reti-Eröffnung} Bd5 {LiveBook: 8 Partien} 7. b3 cxb3 8. axb3 g6 9. d3 Bg7 10. e4 $146 ({Vorgänger:} 10. Nc4 Bxf3 11. Bxf3 Ne4 12. Be3 Bxa1 13. Qxa1 Nf6 {1-0 (38) Meszaros,A (2267)-Gupta,B (2242) Kecskemet 2013}) 10... Be6 {Weiss sollte ...Sxe4! verhindern.} 11. Qc2 {[#]} (11. Bb2 $11 {bleibt in der Remisbreite.}) 11... O-O (11... Nxe4 $1 $17 {[%mdl 512]} 12. dxe4 Bxa1) 12. d4 Na6 $36 {[%mdl 2048] Schwarz steht aktiver.} 13. Nc4 Nb4 14. Qe2 a5 15. Ba3 {[#]} (15. Bb2 $15) 15... b5 $1 $17 {[%cal Rb5c4]} 16. Nce5 Ng4 ({Viel schlechter ist} 16... Bxb3 $6 17. Bxb4 axb4 18. Nxc6 $11) 17. Nxg4 Bxg4 18. Rfd1 Qb6 19. e5 Rfd8 20. Bxb4 axb4 21. Rxa8 Rxa8 22. Qe3 Ra3 23. Rc1 Qa6 (23... Qa7 $15) 24. Ne1 $11 Ra1 25. Bxc6 Rxc1 26. Qxc1 Qa3 27. Qb1 $1 Bf5 28. Qd1 $1 Qa6 29. Bg2 (29. Bf3 $11) 29... f6 (29... Qc8 $1 $15) 30. g4 Bd7 31. Nd3 fxe5 32. dxe5 Qc8 33. h3 Qc3 {[#]} ({Besser ist} 33... e6 $11) 34. Bd5+ (34. Nxb4 $1 $14 {[%mdl 512]} Qc7 (34... Qxb4 35. Qxd7) 35. Na6) 34... e6 35. Bg2 Be8 36. g5 Bxe5 37. Qe2 Bd4 {[#]} 38. Bd5 $1 {[%mdl 512]} Qc7 (38... exd5 $11 39. Qxe8+ Kg7) 39. Qxe6+ $16 Bf7 40. Qxf7+ ({Lieber} 40. Qe8+ $1 $14 Kg7 41. Bxf7 Qxf7 42. Qxb5) 40... Qxf7 $11 {Die Stellung ist ausgeglichen.} 41. Bxf7+ Kxf7 $14 {[%mdl 4096] Endspiel KL-KS} 42. Kg2 Ke6 43. Kf3 Kf5 44. h4 Bc3 45. Nc5 Bg7 46. Ne4 Bf8 47. Ke3 Kg4 $1 48. Nf6+ Kxh4 49. Nxh7 Bc5+ 50. Ke2 Kg4 51. Nf6+ Kf4 52. f3 Ba7 53. Nd5+ {Precision: Weiß = 54%, Schwarz = 50%.} 1/2-1/2

[Event "15th Avicenna Open Masters 2018"]
[Site "Avicenna"]
[Date "2018.08.18"]
[Round "2"]
[White "Morchiashvili, Bachana"]
[Black "Behroozi Moghaddam, Hamed"]
[Result "1-0"]
[WhiteElo "2382"]
[BlackElo "1987"]
[Annotator "TA"]
[PlyCount "49"]
[EventDate "2018.08.17"]
[EventType "swiss"]
[EventCountry "IRI"]
[SourceTitle "playchess.com"]
[Source "ChessBase"]
[SourceQuality "1"]

{[%evp 12,49,76,72,106,73,111,81,85,97,81,80,80,1,0,0,0,0,0,0,0,0,6,1,40,17,71,61,546,533,531,515,29994,29995,29995,0,29996,29997,29997,-49]} 1. d4 Nf6 2. Nf3 e6 3. e3 c5 4. c4 b6 5. Nc3 Bb7 6. d5 d6 {E14: Queen's Indian: Classical Variation (4 e3)} 7. Bd3 {LiveBook: 6 Games} e5 8. O-O $146 ({Predecessor:} 8. e4 Be7 9. h3 O-O 10. g4 Nbd7 11. Be3 Re8 12. Rg1 Nf8 13. g5 {1-0 (38) Prizant,J (2511)-Shapfiullin,I (2050) St Petersburg 2014}) 8... g6 {White is better.} 9. Nd2 Bg7 10. f4 exf4 11. exf4 ({Don't play} 11. Rxf4 O-O $11) 11... O-O 12. Nde4 (12. f5 $16) 12... Nxe4 $11 13. Nxe4 {Threatening f5.} Bc8 14. f5 Bxf5 15. Rxf5 gxf5 16. Ng3 $1 {[%cal Be4g3,Bg3f5,Bf5h6][%mdl 32]} Nd7 17. Nxf5 {Black must now prevent Qh5.} Ne5 18. Qh5 {Threatening mate with Ne7+!} ({Much weaker is} 18. Nxg7 Kxg7 19. Bf4 Qf6 $17) 18... Nxd3 {[#]} (18... Kh8 $1 $11 {keeps the balance.} 19. Be4 Qf6) 19. Bh6 $1 $40 {[%cal Rh6g7][%mdl 128] White mounts an attack.} Re8 $2 {[%mdl 8192]} (19... Bd4+ $1 $14 20. Nxd4 Qf6) 20. Bxg7 $18 {White wants to mate with Qg4.} Ne5 21. Rf1 Ng6 (21... f6 $18 22. Bxf6 Qxf6) 22. Nh6+ Kxg7 23. Rxf7+ Kh8 {[#]} 24. Rxh7+ $1 {[%mdl 512]} Kxh7 25. Nf5+ {[%mdl 32768] Precision: White = 57%, Black = 43%. . Loss on Time!?} 1-0

[Event "15th Avicenna Open Masters 2018"]
[Site "Avicenna"]
[Date "2018.08.18"]
[Round "2"]
[White "Daghli, Arash"]
[Black "Khalesi, Parsa"]
[Result "1-0"]
[WhiteElo "2362"]
[BlackElo "1943"]
[Annotator "TA"]
[PlyCount "97"]
[EventDate "2018.08.17"]
[EventType "swiss"]
[EventCountry "IRI"]
[SourceTitle "playchess.com"]
[Source "ChessBase"]
[SourceQuality "1"]

{[%evp 27,97,37,102,95,119,101,105,93,83,79,177,182,178,168,187,185,188,182,189,177,218,216,205,200,235,217,207,207,202,217,244,212,212,202,386,372,330,244,223,192,199,187,176,170,172,150,284,284,309,310,303,289,320,306,347,306,516,501,506,516,517,495,522,512,492,371,457,299,544,520,483,451]} 1. e4 e6 2. d4 d5 3. Nc3 Bb4 4. e5 Ne7 5. a3 Bxc3+ 6. bxc3 c5 7. Qg4 Qc7 8. Bd3 cxd4 9. Ne2 dxc3 10. Qxg7 Rg8 11. Qxh7 Nbc6 12. Bf4 Bd7 13. O-O O-O-O 14. Bg3 d4 {LiveBook: 9 Games. C18: French: 3 Nc3 Bb4: Main line: 7 h4 and 7 Qg4} ({Black should try} 14... Nxe5 $14 15. Rfb1 N7c6) (14... Nxe5 15. Rab1 N7c6 16. Bb5 f6 17. Qh6 Rdf8 18. Rb3 Kb8 19. Rfb1 Ka8 20. Rxc3 Qa5 21. Rcb3 Rh8 22. Qe3 Ng4 {1-0 (30) Eliseev,U (2602)-Lugovskoy,M (2502) Loo 2016}) 15. Qxf7 $16 Rdf8 16. Qh7 Rh8 {White is better.} 17. Qe4 Nf5 18. Rfe1 Rh5 $146 (18... Nxg3 $16 19. Nxg3 Rh6) ({Predecessor:} 18... Nxg3 19. Nxg3 Qd8 20. Rab1 Rh4 21. Qe2 Qg5 22. Be4 {1-0 (56) Birk,S (2260)-Namyslo,H (2245) Wuerttemberg 1994}) 19. Qf4 $18 Rd8 20. Bxf5 $1 Rxf5 21. Qh6 Qb6 22. Rad1 Qc5 23. Rd3 Kc7 24. Red1 Bc8 25. Qh4 Qxa3 26. Nxd4 Nxd4 27. Rxd4 Rxd4 28. Qxd4 Rf7 29. Qd6+ Qxd6 30. exd6+ {[%mdl 4096] Endgame KRB-KRB} ({Don't do} 30. Rxd6 $6 a5 $16) 30... Kc6 $2 {[#]} (30... Kd8 {was necessary.} 31. Rd3 Bd7 32. Rxc3 Bc6) 31. Rd3 Bd7 32. Rxc3+ Kd5 33. Rc7 {Strongly threatening c4+.} b5 {If only Black now had time for ...a5....} 34. Rxa7 e5 35. Ra1 Kxd6 36. Rd1+ Kc5 (36... Ke6 $16 37. h4 Bc6) 37. Bxe5 b4 38. Bd6+ Kc4 39. Rb1 Bf5 40. Rxb4+ Kc3 41. Rf4 Rb7 $2 {[#]} (41... Kxc2 42. g4 Be6 43. Rxf7 Bxf7) 42. g4 Bxc2 43. h4 Rd7 44. Be5+ Kd3 45. Rf3+ Ke4 46. Re3+ Kd5 47. Bf6 Be4 $2 (47... Rd6 48. Re5+ Kc4) 48. f3 Bc2 49. Kf2 {Precision: White = 77%, Black = 35%.} 1-0